000 00333nam a2200145Ia 4500
008 150201s2008 xx 000 0 und d
082 _a617.601
_bD2008K
100 _aKOHLI
245 _aDENTAL CARE FOR CHILDERN
250 _a1ST
260 _bELSEVIER
_aDELHI
_c2008
300 _a1-100
650 _aPEDODONTICS
942 _2ddc
_cBK
999 _c4161
_d4161